MARC дэлгэрэнгүй
| 000 -Удирдлага |
| Ном зүйн бүртгэл тоо буюу кодлох утгыг агуулсан |
02241 a2200229 4500 |
| 003 - ХЯНАЛТЫН ТОО ТОДОРХОЙЛОГЧ |
| Код |
MN-UlNLM |
| 005 - ХАМГИЙН СҮҮЛИЙН ҮЕИЙН ХЭЛЦЛИЙН ОГНОО БА ЦАГ |
| Тухайн бичилтийг бичсэн засварласан сүүлийн огноо. |
20220406145028.0 |
| 008 - ЕРӨНХИЙ МЭДЭЭЛЭЛ-ЭЛЕМЕНТҮҮДИЙН ӨГӨГДЛИЙН УРТ |
| fixed length control field |
a13041985 mp ||||| |||| 00| 0 mon d |
| 040 ## - ЭХ СУРВАЛЖИЙГ ТОДОРХОЙЛОН БИЧИХ |
| Анхны каталогийн байгууллага |
Монгол Улсын Үндэсний номын сан |
| 084 ## - БУСАД АНГИЛЛЫН ДУГААР |
| Ангиллын нэр |
Номын сан номзүйн ангилал |
| Анги |
63.5 |
| Зохиогчийн 3-н тэмдэгт |
S 90 |
| Шинжлэх ухааны мэдлэгийн салбар |
Түүх - 63 |
| 245 1# - ҮНДСЭН ГАРЧИГ |
| Гарчиг |
Этнографийн судлал |
| Гарчигт хамааралтай мэдээ |
Studia etnographica instituti historia academiae scientiarum reipublicae populi Mongoli |
| Оролцогчдын тухай мэдээ |
Pед.С.Бадамхатан |
| 250 ## - ХЭВЛЭЛТИЙН ТУХАЙ МЭДЭЭ |
| Дахин хэвлэлтийн мэдээ |
1 |
| 260 1# - ГАРАЛТЫН ТУХАЙ МЭДЭЭ |
| Хэвлэгдсэн газар |
УБ |
| Хэвлэлийн газар |
ШУАХ |
| Хэвлэгдсэн он |
1985 |
| 300 ## - ТООНЫ МЭДЭЭ |
| Хуудасны тоо |
91х |
| 490 ## - БОТИЙН/ЦУВРАЛЫН ТУХАЙ МЭДЭЭ |
| Ботийн/Цувралын дугаар |
Т.IX, Fasc.1-11 |
| 546 ## - ХЭЛНИЙ ТУХАЙ МЭДЭЭ |
| Хэл |
|
| 653 ## - ТҮЛХҮҮР ҮГС |
| Түлхүүр үг |
Түүхийн шинжлэх ухаан |
| -- |
Угсаатны зүй, угсаатны судлал |
| 740 ## - НОМЫН АГУУЛГЫН ГАРЧИГ |
| Номын гарчгууд |
С.Бадамхатан: К вопросу о соотнощений традиционной и общемировой культуры на современном эпате развития этнических процессов в МНР(В сферематеральной культуры). |
| -- |
Г.Батнасан: Нэгдэлч,малчдын мал маллагаанд дахь уламжлал,шинэтгэлийн асуудалд. |
| -- |
А.Очир: Эртний монголчуудын цаг тооллын мэдлэгийг сарын мөрөөр мөшгих нь. |
| -- |
Ц.Аюуш: Ойрад,Буриадын уламжлалт соёлын нийтлэгийн тухай асуудалд. |
| -- |
Д. Тангад: Нохой тэжээж байсан ардын уламжлалт заншлааас. |
| -- |
Г.Мэнэс:Керамика Чандманской культури. |
| -- |
Б.Дорж: Монголчуудын уртыг хэмжих ёс. |
| -- |
Д.Нансалмаа: Халх журамд ардын хэв хууль, хэв заншлаас тусгагдсан нь. |
| -- |
Т.Дисан: Төв халхын модон эдлэлд тавих хээ угалзны төрөл, зүйлээс. |
| -- |
Д.Очир: Тавгач аялгууны КЭБОЧЖЭНИЬ хэмээх үгийн тухай. |
| -- |
Г.Батнасан Г.Цэрэнханд: (Нэгдэлч, малчдын аж байдал) номын тухай. |
| -- |
Дамдины (Хөдөөгийн) Пэрлээ. |
| 856 ## - ЭЛЕКТРОН БАЙРЛАЛ БА ХОЛБООС |
| Төрөл |
Хэвлэмэл ном |
| 942 ## - ЭЛЕМЕНТИЙН ТӨРӨЛ |
| Төрөл |
Ном |